| 000 | 00674nam a2200217Ia 4500 | ||
|---|---|---|---|
| 001 | 10289 | ||
| 003 | GE_BSU | ||
| 008 | 181216s||||||||xx |||||||||||||| ||und|| | ||
| 040 | _cGE_BSU | ||
| 080 | _a821.353.1–1 | ||
| 100 | _aსტურუა,ლია | ||
| 245 | _aმზე დედაა ჩემი:ლექსები | ||
| 245 | _cრედ. მ.მაჭავარიანი;მხატვ.ე.ამაშუკელი | ||
| 260 | _aთბილისი | ||
| 260 | _bმერანი | ||
| 260 | _c1968 | ||
| 300 | _a60გვ.17სმ. | ||
| 653 | _aლექსები | ||
| 653 | _aმზე დედაა ჩემი | ||
| 942 | _cBK | ||
| 999 |
_c43557 _d43557 |
||